| 000 -LEADER |
| fixed length control field |
00840nam a22001577a 4500 |
| 003 - CONTROL NUMBER IDENTIFIER |
| control field |
OSt |
| 005 - DATE AND TIME OF LATEST TRANSACTION |
| control field |
20150918102508.0 |
| 008 - FIXED-LENGTH DATA ELEMENTS--GENERAL INFORMATION |
| fixed length control field |
150918b xxu||||| |||| 00| 0 eng d |
| 040 ## - CATALOGING SOURCE |
| Transcribing agency |
RUA |
| 082 ## - DEWEY DECIMAL CLASSIFICATION NUMBER |
| Classification number |
AGR CHU 2004 B030 Or.1 |
| 100 ## - MAIN ENTRY--PERSONAL NAME |
| 9 (RLIN) |
737 |
| Personal name |
CHUOB, VICHET. |
| 245 ## - TITLE STATEMENT |
| Title |
a comparison of growing and yield of maize hybrid barieties at royal university of agriculture experiment station in the wet season 2003 (ប្រៀបធៀបការលូតលាស់ និងទិន្នផលពូជពោតក្រហមអ៊ីប្រ៊ីតនៅស្តានីយ៍ពិសោធន៍សាកលវិទ្យាល័យភូមិន្ធកសិកម្ម នារដូវ វស្សាឆ្នាំ ២០០៣) |
| 260 ## - PUBLICATION, DISTRIBUTION, ETC. (IMPRINT) |
| Place of publication, distribution, etc. |
Phnom Penh |
| Name of publisher, distributor, etc. |
RUA |
| Date of publication, distribution, etc. |
2004 |
| 300 ## - PHYSICAL DESCRIPTION |
| Extent |
43p. |
| Other physical details |
ill. |
| Dimensions |
29cm. |
| 942 ## - ADDED ENTRY ELEMENTS (KOHA) |
| Source of classification or shelving scheme |
|
| Koha item type |
AGR |